[Event "Liechtenstein op Seniors 11th"]
[Site "Triesen"]
[Date "2011.06.02"]
[Round "7"]
[White "Doeserich, Reinhard"]
[Black "Bucher, Rolf"]
[Result "1/2-1/2"]
[WhiteElo "1820"]
[BlackElo "2031"]
[PlyCount "82"]
[EventDate "2011.05.27"]
[EventType "swiss"]
[EventRounds "9"]
[EventCountry "LIE"]
[SourceTitle "EXT 2012"]
[Source "ChessBase"]
[SourceDate "2011.11.24"]
[SourceVersion "1"]
[SourceVersionDate "2011.11.24"]
[SourceQuality "1"]

1. c4 Nf6 2. g3 g6 3. Bg2 Bg7 4. Nc3 d6 5. Nf3 0-0 6. 0-0 c6 7. d3 Na6 8. a3 Nc7 9. Bg5 Ne6 10. Bd2 Bd7 11. b4 h6 12. e3 Kh7 13. Qe2 Nc7 14. h3 e5 15. Rad1 Qe7 16. Rfe1 Rfe8 17. Kh2 Ne6 18. Qf1 Qd8 19. Ng1 Qc7 20. Nge2 Ng8 21. Bc1 f5 22. Bb2 Rf8 23. f4 Rae8 24. Qf2 Nf6 25. fxe5 dxe5 26. d4 exd4 27. Nxd4 Ng5 28. Nf3 Nfe4 29. Nxe4 Nxe4 30. Qc2 Qxg3+ 31. Kg1 Rf7 32. Re2 Bc8 33. Bxg7 Rxg7 34. Rd4 Rge7 35. Qd3 f4 36. exf4 Bxh3 37. Rdxe4 Rxe4 38. Ng5+ Qxg5 39. fxg5 Rxe2 40. Bxh3 R2e3 41. Qd7+ R8e7 1/2-1/2

[Event "Seefeld Seniors op 1st"]
[Site "Seefeld"]
[Date "2005.09.23"]
[Round "5.6"]
[White "Broeker, Werner"]
[Black "Bucher, Rolf"]
[Result "1/2-1/2"]
[WhiteElo "1664"]
[BlackElo "1768"]
[PlyCount "25"]
[EventDate "2005.09.19"]
[EventType "swiss"]
[EventRounds "7"]
[EventCountry "AUT"]
[SourceTitle "EXT 2007"]
[Source "ChessBase"]
[SourceDate "2006.11.23"]
[SourceVersion "1"]
[SourceVersionDate "2006.11.23"]
[SourceQuality "1"]

1. d4 Nf6 2. Nc3 d6 3. e4 g6 4. f4 Bg7 5. Bd3 e5 6. dxe5 dxe5 7. Nf3 Nfd7 8. Qe2 Nc6 9. Be3 exf4 10. Bxf4 Nde5 11. 0-0 Bd7 12. h4 h5 13. Bc4 1/2-1/2

[Event "Seefeld Seniors op 1st"]
[Site "Seefeld"]
[Date "2005.09.21"]
[Round "3.2"]
[White "Rahn, Oskar"]
[Black "Bucher, Rolf"]
[Result "1-0"]
[WhiteElo "2064"]
[BlackElo "1768"]
[PlyCount "91"]
[EventDate "2005.09.19"]
[EventType "swiss"]
[EventRounds "7"]
[EventCountry "AUT"]
[SourceTitle "EXT 2007"]
[Source "ChessBase"]
[SourceDate "2006.11.23"]
[SourceVersion "1"]
[SourceVersionDate "2006.11.23"]
[SourceQuality "1"]

1. e4 d6 2. d4 Nf6 3. Nc3 g6 4. f4 Bg7 5. Nf3 c5 6. Bb5+ Bd7 7. e5 Ng4 8. Bxd7+ Qxd7 9. h3 cxd4 10. Qxd4 Nh6 11. g4 Nc6 12. Qe4 0-0-0 13. Bd2 d5 14. Qe2 d4 15. Ne4 Qd5 16. c4 dxc3 17. Nxc3 Qd3 18. Qxd3 Rxd3 19. Ke2 Rhd8 20. Be3 f6 21. exf6 exf6 22. Rhd1 Rxd1 23. Rxd1 Nf7 24. Rxd8+ Kxd8 25. Nd4 Nxd4+ 26. Bxd4 Kd7 27. Bxa7 f5 28. gxf5 gxf5 29. Kd3 Kc6 30. Bd4 Bh6 31. Be3 b5 32. a3 Nd8 33. Ne2 Ne6 34. b3 Bg7 35. a4 bxa4 36. bxa4 Bh6 37. Kc4 Bf8 38. Nd4+ Nxd4 39. Bxd4 Bd6 40. Be3 Bc7 41. Bd2 Bb8 42. a5 Ba7 43. Bc3 Bb8 44. Be5 Ba7 45. a6 Be3 46. Bb8 1-0

[Event "Lipperland Seniors op 4th"]
[Site "Doerentrup"]
[Date "2005.05.28"]
[Round "3.3"]
[White "Budt, Karl Heinz"]
[Black "Bucher, Rolf"]
[Result "1-0"]
[WhiteElo "2124"]
[BlackElo "2089"]
[PlyCount "83"]
[EventDate "2005.05.26"]
[EventType "swiss"]
[EventRounds "9"]
[EventCountry "GER"]
[SourceTitle "EXT 2006"]
[Source "ChessBase"]
[SourceDate "2005.11.24"]
[SourceVersion "1"]
[SourceVersionDate "2005.11.24"]
[SourceQuality "1"]

1. c4 Nf6 2. Nc3 g6 3. e4 d6 4. d4 Bg7 5. Be2 c6 6. Nf3 0-0 7. 0-0 Bg4 8. Be3 Qc7 9. Ne1 Bxe2 10. Qxe2 e5 11. d5 c5 12. Nd3 a6 13. a3 Qe7 14. f3 Nbd7 15. Rab1 Rab8 16. b4 b6 17. bxc5 bxc5 18. Qc2 Nb6 19. Na4 Nfd7 20. Nxb6 Nxb6 21. Rb2 f5 22. Rfb1 Qc7 23. Bd2 Nd7 24. Qa4 Rxb2 25. Rxb2 fxe4 26. fxe4 Nb8 27. Qb3 Qf7 28. Rb1 Nd7 29. Qb7 h6 30. Qxa6 Qf6 31. Qa4 Rf7 32. Qd1 Qh4 33. Qe1 Qd8 34. a4 Nf6 35. a5 Qa8 36. Rb6 Bf8 37. Nf2 Nd7 38. Rb5 Kh7 39. Qb1 Nf6 40. Rb8 Qa7 41. Qb5 g5 42. a6 1-0

[Event "Liechtenstein Seniors op-B 05th"]
[Site "Liechtenstein"]
[Date "2005.05.04"]
[Round "6"]
[White "Hicker, Harald"]
[Black "Bucher, Rolf"]
[Result "1/2-1/2"]
[WhiteElo "2161"]
[BlackElo "2089"]
[PlyCount "21"]
[EventDate "2005.04.??"]
[EventType "swiss"]
[EventRounds "9"]
[EventCountry "LIE"]
[SourceTitle "EXT 2006"]
[Source "ChessBase"]
[SourceDate "2005.11.24"]
[SourceVersion "1"]
[SourceVersionDate "2005.11.24"]
[SourceQuality "1"]

1. d4 Nf6 2. c4 c5 3. Nf3 g6 4. Nc3 cxd4 5. Nxd4 Bg7 6. e4 0-0 7. Be3 d6 8. Be2 Nc6 9. 0-0 Bd7 10. Qd2 Nxd4 11. Bxd4 1/2-1/2

[Event "Liechtenstein Seniors op 04th"]
[Site "Triesen"]
[Date "2004.??.??"]
[Round "8"]
[White "Frei, Eugen"]
[Black "Bucher, Rolf"]
[Result "0-1"]
[WhiteElo "1831"]
[BlackElo "2082"]
[PlyCount "78"]
[EventDate "2004.05.14"]
[EventType "swiss"]
[EventRounds "9"]
[EventCountry "LIE"]
[SourceTitle "EXT 2005"]
[Source "ChessBase"]
[SourceDate "2004.11.15"]
[SourceVersion "1"]
[SourceVersionDate "2004.11.15"]
[SourceQuality "1"]

1. e4 d6 2. d4 Nf6 3. Bd3 g6 4. Ne2 Bg7 5. c3 Nbd7 6. 0-0 e5 7. Bg5 h6 8. Be3 Ng4 9. Bd2 h5 10. h3 Nh6 11. Be3 Nf8 12. Nd2 Be6 13. f4 f6 14. Nf3 exf4 15. Nxf4 Bf7 16. Qc2 g5 17. Ne2 g4 18. Nh4 gxh3 19. gxh3 Qd7 20. Rf3 0-0-0 21. d5 Ng4 22. Nf5 Nxe3 23. Nxe3 Ng6 24. Nc4 Rdg8 25. Kf2 Nh4 26. Rg3 f5 27. Rag1 Bf6 28. Rxg8+ Rxg8 29. Rxg8+ Bxg8 30. Nf4 Be5 31. Nxh5 fxe4 32. Be2 Qf5+ 33. Ke1 Ng2+ 34. Kd1 Qxh3 35. Qxe4 Qh1+ 36. Kc2 Ne1+ 37. Kd1 Qxe4 38. Kxe1 Qh4+ 39. Kd1 Qh1+ 0-1

[Event "Liechtenstein Seniors op 03rd"]
[Site "Triesen"]
[Date "2003.05.27"]
[Round "5"]
[White "Bucher, Rolf"]
[Black "Adler, Wilfried"]
[Result "1/2-1/2"]
[WhiteElo "2080"]
[BlackElo "1983"]
[PlyCount "22"]
[EventDate "2003.05.??"]
[EventType "swiss"]
[EventRounds "9"]
[EventCountry "LIE"]
[SourceTitle "EXT 2006"]
[Source "ChessBase"]
[SourceDate "2005.11.24"]
[SourceVersion "1"]
[SourceVersionDate "2005.11.24"]
[SourceQuality "1"]

1. c4 c5 2. Nf3 Nc6 3. Nc3 g6 4. d3 Bg7 5. g3 Nf6 6. Bg2 0-0 7. 0-0 d6 8. Rb1 e5 9. Bg5 h6 10. Bd2 Be6 11. Qc1 Kh7 1/2-1/2

[Event "Liechtenstein Seniors op 02nd"]
[Site "Triesen"]
[Date "2002.05.10"]
[Round "8"]
[White "Bucher, Rolf"]
[Black "Karl, Hans"]
[Result "1/2-1/2"]
[WhiteElo "2055"]
[BlackElo "2221"]
[PlyCount "47"]
[EventDate "2002.05.??"]
[EventType "swiss"]
[EventRounds "9"]
[EventCountry "LIE"]
[SourceTitle "EXT 2006"]
[Source "ChessBase"]
[SourceDate "2005.11.24"]
[SourceVersion "1"]
[SourceVersionDate "2005.11.24"]
[SourceQuality "1"]

1. c4 e5 2. b3 d6 3. Bb2 Nc6 4. g3 g6 5. Bg2 Bg7 6. d3 Nge7 7. e3 0-0 8. Ne2 Be6 9. Nbc3 Qd7 10. Qd2 Bh3 11. Bxh3 Qxh3 12. 0-0-0 a6 13. f4 b5 14. Ng1 Qg4 15. Qe2 Qxe2 16. Ngxe2 Rfd8 17. e4 exf4 18. gxf4 Nd4 19. Nxd4 Bxd4 20. Ne2 Bxb2+ 21. Kxb2 c5 22. h4 h5 23. Rhg1 Kh7 24. Rg2 1/2-1/2